1967 1743 1353 1297 1171 1497 1302 1179 1760 1431 1539 1954 1862 1598 1137 1406 1132 1415 1994 1810 1554 1159 1455 1136 1634 1431 1143 1471 1396 1734 1137 1637 1287 1755 1765 1445 1873 1175 1943 1543 1880 1750 1358 1027 1288 1287 1900 1696 1978 1468 1016 1061 1517 1216 1548 1036 1733 1450 1006 1845 1238 1722 1056 1326 1869 1776 1707 1774 1072 1683 1750 1047 1505 1573 1976 1807 1550 1352 1946 1639 1472 1699 1251 1401 1463 1944 1804 1696 1489 1820 1687 1678 1154 1843 1709 1914 1897 1359 1085 BCNSPRNW ULIB Ver.6.0+V

เปลี่ยนเป็นภาษาไทย

Change to English
 แสดงรายละเอียดบรรณานุกรม
  กลับหน้าหลัก

Brief Record : Get Marc (ISO 2709) : E-mail record : QR code < ปิดหน้าต่าง
LEADER : 00000nam 2200000uu 4500
001    13399121461
003     ULIB
008    121120s2548||||th 000 0 tha d
020    9749234464
020    9789749234464
050 04 ^aZ665^dน522ท
100 0  ^aน้ำทิพย์ วิภาวิน
245 10 ^aการใช้ห้องสมุดยุคใหม่ =^bUsing modern library/^cน้ำทิพย์ วิภาวิน
246 31 Using modern library
250    ^aพิมพ์ครั้งที่ 3
260    ^aกรุงเทพฯ:^bเอสอาร์ พริ้นติ้ง แมสโปรดักส์,^c2548
300    ^a194 ; 24
650  7 ^aห้องสมุด
650  7 ^aห้องสมุดและบริการของห้องสมุด
850    ^aHU
907    ^a.b13543
945    ^p139^l0^i24020
945    ^p139^l0^i20254
995    ^aวิภา
999    ^aวิภา
รายการนี้ยังไม่มีแท็ก
คุณยังไม่ได้ล็อกอิน คุณสามารถมีกิจกรรมร่วมกับเว็บไซต์ได้ แต่ต้องล็อกอินก่อน ::
  ล็อกอิน

รายการสื่อสารสนเทศ

ลำดับที่ ประเภท เลขเรียก/บาร์โค้ด สถานที่ สถานะ
1. การศึกษาทั่วไป
การศึกษาทั่วไป
Z665 น522ท  
  Barcode: 24020
ห้องสมุดวิทยาเขตนครสวรรค์
►หนังสือทั่วไป:l:General Books
บนชั้น
2. การศึกษาทั่วไป
การศึกษาทั่วไป
Z665 น522ท ฉ.2 
  Barcode: 20254
ห้องสมุดวิทยาเขตนครสวรรค์
►หนังสือทั่วไป:l:General Books
บนชั้น

รายการใกล้เคียง
    ผู้แต่ง [น้ำทิพย์ วิภาวิน]

    หัวเรื่อง [ห้องสมุด]
    หัวเรื่อง [ห้องสมุดและบริการของห้องสมุด]

BibComment


ยังไม่เคยถูกคอมเมนท์

คอมเมนท์ทรัพยากรรายการนี้
  คอมเมนท์: การใช้ห้องสมุดยุ..


 Copyright 2026. Bcnsprnw @Library